00538nam a2200169Ia 4500003000900000008004100009020001600050040001600066080001700082100002300099245011900122260003900241300001600280650002900296650002600325700001700351IN-BaIIA211028s9999 xx 000 0 eng d a486-61272-4 cIIA Library a(035)51bABR aMilton, Abramowitz 0aHandbook of mathematical functions with formulas groups and mathematical tablescAbramowitz Milton and Stegun Iren aNew YorkbDover Publicationsc1972 axiv, 1046p. a Mathematical functions aMathematical tables  aIren, Stegun